Premarital pastoral care and counseling. (Record no. 14537)

000 -LEADER
fixed length control field 00623nam a2200193 a 4500
001 - CONTROL NUMBER
control field :::00012369$&:&@@
003 - CONTROL NUMBER IDENTIFIER
control field OkBaRHE
005 - DATE AND TIME OF LATEST TRANSACTION
control field 20000607103418.0
008 - FIXED-LENGTH DATA ELEMENTS--GENERAL INFORMATION
fixed length control field s1958 j 000 0 eng u
040 ## - CATALOGING SOURCE
Transcribing agency
100 1# - MAIN ENTRY--PERSONAL NAME
Personal name Oates, Wayne Edward, 1917-
245 10 - TITLE STATEMENT
Title Premarital pastoral care and counseling.
260 ## - PUBLICATION, DISTRIBUTION, ETC. (IMPRINT)
Place of publication, distribution, etc Louisville, KT., :
Name of publisher, distributor, etc Broadman Press
Date of publication, distribution, etc c1958
300 ## - PHYSICAL DESCRIPTION
Extent 71 p. ;
Dimensions 19 cm.
650 ## - SUBJECT ADDED ENTRY--TOPICAL TERM
Topical term or geographic name as entry element Marriage Counseling
650 ## - SUBJECT ADDED ENTRY--TOPICAL TERM
Topical term or geographic name as entry element Pastoral Counseling
942 ## - ADDED ENTRY ELEMENTS (KOHA)
Source of classification or shelving scheme
Koha item type Books
Copies
Shelving location Koha item type Not for loan Permanent Location Date last seen Source of classification or shelving scheme Barcode Lost status Copy number Current Location Full call number Withdrawn status Price effective from Damaged status Date acquired
General StacksBooks RHEMA Bible Training College2010-04-14 12369 1RHEMA Bible Training CollegeHQ 10 .018 2010-04-14 2010-04-14